000 00490nam a22001697a 4500
005 20251108164137.0
008 250721s1988 xx 000 0 ara d
082 1 4 _a219/جند
100 1 _aالجندي، أنور
245 1 0 _aأقباس من السيرة العطرة /
250 _aطبعة جديده و مصححه
264 1 _aبيروت :
_bدار ابن زيدون،
_c1988.
300 _a189ص.
650 1 7 _aالسيرة النبوية
942 _2ddc
_cBK
999 _c4726
_d4726